Dret civil catal ̉ Dret de successions /

Detalles Bibliográficos
Otros Autores: Lucas Esteve, Adolfo (Conductor), Amills Eras, Oscar (coaut.)
Formato: Libro
Lenguaje:catalán
Publicado: Barcelona : Bosch, 2010
Materias:
Acceso en línea:Acceso restringido

MARC

LEADER 00000nam a2200000 i 4500
005 20111123141635.0
007 cr|||| ||||
008 101011s2010 sp 000 0 cat d
020 |a 9788476989036 
035 |a 6013 
040 |a BUS  |d vLex 
090 |c 2783  |d 2783 
245 0 0 |a Dret civil catal ̉  |h [Recurso electrn̤ico] :  |b Dret de successions /  |c Adolfo Lucas Esteve (dir.) ; Oscar Amills Eras... [et al.] 
256 |a Servicio en ln̕ea 
260 |a Barcelona :  |b Bosch,  |c 2010  
300 |a 1 recurso electrn̤ico 
506 1 |a Contenido solo disponible en los productos indicados  |d vLex Global   |d vLex Global (Academic Edition, excluding Law Schools)   |d vLex Global (U.S. Academic Edition, Law Schools)   |d vLex Global (U.S. Academic Edition, excluding Law Schools)   |d vLex Global (Academic Edition, Law Schools)  
650 0 4 |a Herencia y sucesin̤  |x Derecho  |z Espaą 
700 1 |a Lucas Esteve, Adolfo,  |e dir. 
700 1 |a Amills Eras, Oscar,  |e coaut. 
740 0 |a vLex Libros (Servicio en ln̕ea) 
856 4 0 |u http://vlex.com/source/dret-civil-catala-dret-successions-6013  |z Acceso restringido 
942 |c BOOK